La renovación en sus fuentes: sobre la aplicación del Concilio Vaticano II
-д хадгалсан:
| Үндсэн зохиолч: | |
|---|---|
| Формат: | Ном |
| Хэл сонгох: | испани |
| Хэвлэсэн: |
Madrid
Biblioteca de Autores Cristianos
1982
|
| Цуврал: | Biblioteca de Autores Cristianos, 430
|
| Нөхцлүүд: | |
| Шошгууд: |
Шошго нэмэх
Шошго байхгүй, Энэхүү баримтыг шошголох эхний хүн болох!
|
MARC
| LEADER | 00000nam a2200000 a 4500 | ||
|---|---|---|---|
| 001 | UCK0956 | ||
| 003 | CL-VaPUC | ||
| 008 | 041029e19820000SP |||||||||||||||||spa|d | ||
| 020 | |a 8422010518 | ||
| 082 | 0 | 4 | |a 262.5 |b WOJ |2 21 |
| 100 | 0 | |a Wojtyla, Karol |e author |9 352234 | |
| 245 | 1 | 3 | |a La renovación en sus fuentes: sobre la aplicación del Concilio Vaticano II |
| 300 | |a 344 p | ||
| 942 | |c BK | ||
| 945 | |d 20041029 00:00:00 |a cmena | ||
| 260 | |a Madrid |b Biblioteca de Autores Cristianos |c 1982 | ||
| 650 | 0 | |a Documentos pontificios |9 255642 | |
| 650 | 7 | |a CONCILIOS Y SINODOS |2 CL-VaPUC |9 488754 | |
| 650 | 0 | |a Concilio Vaticano II |9 258399 | |
| 583 | |a last modification |c 20130925 05:51:12 |k Rodrigo Vera | ||
| 490 | 0 | |a Biblioteca de Autores Cristianos, 430 | |
| 999 | |c 311103 |d 311101 | ||
| 952 | |0 0 |1 0 |4 0 |6 262_500000000000000_WOJ_1982 |7 0 |8 P |9 380340 |a BIBEDU |b BIBEDU |d 2019-11-21 |i 4060288 |o 262.5 WOJ 1982 |p 4060288 |r 2019-11-21 |w 2019-11-21 |y BK |k BME | ||